Ιδιωματικοί αρχαϊσμοί και βόρεια νεοελληνικά ιδιώματα : οι αρχαϊσμοί του ιδιώματος Βελβέντου Δυτικής Μακεδονίας

Αποθηκεύτηκε σε:
Λεπτομέρειες βιβλιογραφικής εγγραφής
Κύριος συγγραφέας: Θαβώρης, Α. Ι.
Μορφή: Βιβλίο
Γλώσσα:Greek
Δημοσίευση: Θεσσαλονίκη : Εταιρεία Μακεδονικών Σπουδών, 1998
Θέματα:
Ετικέτες: Προσθήκη ετικέτας
Δεν υπάρχουν, Καταχωρήστε ετικέτα πρώτοι!

MARC

LEADER 00000cam a2200000 i 4500
001 1/59643
008 020326s1998 gre d
035 |l 10000536 
040 |a GR-MY-UA  |b gre  |e aacr 
041 0 |a gre 
082 0 |a 489.3 
100 1 |a Θαβώρης, Α. Ι. 
245 1 0 |a Ιδιωματικοί αρχαϊσμοί και βόρεια νεοελληνικά ιδιώματα :  |h [ανάτυπο] :   |b οι αρχαϊσμοί του ιδιώματος Βελβέντου Δυτικής Μακεδονίας /   |c Α.Ι. Θαβώρης 
260 |a Θεσσαλονίκη :   |b Εταιρεία Μακεδονικών Σπουδών,   |c 1998 
300 |a [31-90] σ. 
500 |a Από τον ΛΑ' τόμο των "Μακεδονικών" 
650 0 |a Greek language, Modern  |x Idioms  |z Greece  |z Velventos. 
852 |a INST  |b RHODES  |e 20020326  |h 489.3 ΘΑΒ  |p 005400016606  |q 005400016606  |t BK  |y 0 
901 |a BIBL4-2002-1 
970 |a ΚΟΥΛΑΚΙΟΤΗ  |b ΛΙΤΣΑ  |z 2002/03/26